| 000 | 00487nam a2200157 i 4500 | ||
|---|---|---|---|
| 001 | 72900 | ||
| 003 | ES-MaACL | ||
| 007 | t| | ||
| 008 | 040903s1952 sp ||||1| spa d | ||
| 100 | 1 |
_aGómez, F. _957760 |
|
| 245 | 1 | 0 |
_aTaquigrafía _b: (arte de escribir tan deprisa como se habla) : método teórico-práctico / _cpor F. Gómez. |
| 250 | _a9ª ed. | ||
| 260 |
_aPamplona : _bGómez, _c[1952] |
||
| 300 |
_a159 p., 15 lám. : _bil. ; _c22 cm. |
||
| 852 |
_aES-MaACL _jC-5839 _bR.33258 |
||
| 999 |
_c72900 _d72900 |
||